Design and building of process plants: (Record no. 3927)

000 -LEADER
fixed length control field 00583nam a2200205 4500
001 - CONTROL NUMBER
control field 3927
003 - CONTROL NUMBER IDENTIFIER
control field BD-DhUET
008 - FIXED-LENGTH DATA ELEMENTS--GENERAL INFORMATION
fixed length control field 141109b xxu||||| |||| 00| 0 eng d
020 ## - INTERNATIONAL STANDARD BOOK NUMBER
International Standard Book Number 9843000188
040 ## - CATALOGING SOURCE
Transcribing agency DLC
Modifying agency BD-DhUET
Original cataloging agency DLC
082 ## - DEWEY DECIMAL CLASSIFICATION NUMBER
Classification number 660.28
Item number ABD/1992
100 ## - MAIN ENTRY--PERSONAL NAME
Personal name Quader, Abdul A. K. M.
245 ## - TITLE STATEMENT
Title Design and building of process plants:
Statement of responsibility, etc. some practical guidelines
250 ## - EDITION STATEMENT
Edition statement 1st ed.
260 ## - PUBLICATION, DISTRIBUTION, ETC. (IMPRINT)
Place of publication, distribution, etc. Dhaka
Name of publisher, distributor, etc. World University Service Press
Date of publication, distribution, etc. 1992
300 ## - PHYSICAL DESCRIPTION
Extent ix,179p.
504 ## - BIBLIOGRAPHY, ETC. NOTE
Bibliography, etc Includes bibliographies
650 #0 - SUBJECT ADDED ENTRY--TOPICAL TERM
Topical term or geographic name as entry element Process plants chemical engineering
942 ## - ADDED ENTRY ELEMENTS (KOHA)
Koha item type General Book
Holdings
Not for loan Shelving location Date acquired Copy number Koha date last seen Koha item type Source of classification or shelving scheme Location (home branch) Damaged status Koha full call number Koha issues (times borrowed) Sublocation or collection (holding branch) Koha normalized classification for sorting Withdrawn status Koha date last borrowed Price effective from Lost status Piece designation (barcode)
 Circulation section2014-11-0912019-01-06General Book Central Library, BUET 660.28/ABD/19922Central Library, BUET660_280000000000000_ABD_1992 2019-01-062014-11-09 85629
 Circulation section2015-03-0422015-03-04General Book Central Library, BUET 660.28/ABD/1992 Central Library, BUET660_280000000000000_ABD_1992  2015-03-04 85617